[Event "Muensterland Verbandsliga 1819"]
[Site "Germany"]
[Date "2018.11.24"]
[Round "4.5"]
[White "Bilecen, Simon"]
[Black "Voss, Andreas"]
[Result "1-0"]
[WhiteElo "1755"]
[BlackElo "1870"]
[PlyCount "59"]
[EventDate "2018.09.01"]
[EventType "team-tourn"]
[EventRounds "9"]
[EventCountry "GER"]
[SourceTitle "EXT 2020"]
[Source "ChessBase"]
[SourceDate "2019.10.17"]
[SourceVersion "1"]
[SourceVersionDate "2019.10.17"]
[SourceQuality "1"]
[WhiteTeam "Emsdetten Rochade II"]
[BlackTeam "Muenster IV"]
[WhiteTeamCountry "GER"]
[BlackTeamCountry "GER"]

1. d4 f5 2. Bf4 Nf6 3. e3 e6 4. Be2 d5 5. Nd2 Bd6 6. Nh3 0-0 7. 0-0 Qe7 8. c4 c6 9. cxd5 exd5 10. Bxd6 Qxd6 11. Nf4 Nbd7 12. Qc2 Ne4 13. Nf3 Rf6 14. Nd3 Rh6 15. Rac1 Qe7 16. b4 g5 17. g3 f4 18. exf4 gxf4 19. Nxf4 Qxb4 20. Rb1 Qd6 21. Bd3 Ndf6 22. Nd2 Ng5 23. h4 Nh3+ 24. Nxh3 Bxh3 25. Rfe1 Rf8 26. Rxb7 Ng4 27. Ree7 Rxf2 28. Rg7+ Kf8 29. Rxg4 Rxd2 30. Qxd2 1-0

[Event "Muensterland Verbandsliga 1718"]
[Site "Germany"]
[Date "2018.05.05"]
[Round "9.5"]
[White "Rickert, Berthold"]
[Black "Voss, Andreas"]
[Result "0-1"]
[WhiteElo "1727"]
[BlackElo "1806"]
[PlyCount "82"]
[EventDate "2017.09.09"]
[EventType "team-tourn"]
[EventRounds "9"]
[EventCountry "GER"]
[SourceTitle "EXT 2019"]
[Source "ChessBase"]
[SourceDate "2018.10.10"]
[SourceVersion "1"]
[SourceVersionDate "2018.10.10"]
[SourceQuality "1"]
[WhiteTeam "Borken"]
[BlackTeam "Muenster SK IV"]
[WhiteTeamCountry "GER"]
[BlackTeamCountry "GER"]

1. c4 f5 2. d4 Nf6 3. Nc3 e6 4. Nf3 d5 5. e3 c6 6. Bd3 Bd6 7. Qc2 Ne4 8. c5 Bc7 9. g3 Nd7 10. b3 0-0 11. Bb2 Qe7 12. 0-0-0 b6 13. b4 a5 14. a3 axb4 15. axb4 Ba6 16. Ne1 bxc5 17. dxc5 Rfb8 18. Bxa6 Rxa6 19. Nd3 e5 20. Rhf1 Nef6 21. f3 e4 22. fxe4 fxe4 23. Nf4 Rxb4 24. Kd2 Be5 25. Ra1 Rxa1 26. Rxa1 Nxc5 27. Ra8+ Rb8 28. Rxb8+ Bxb8 29. Ba3 Bd6 30. Na4 Nxa4 31. Bxd6 Qxd6 32. Qxa4 h6 33. Qa8+ Kf7 34. Qb7+ Qd7 35. Qb4 Ng4 36. h3 Ne5 37. Qc3 Nc4+ 38. Ke2 Qb7 39. Qe1 Qb2+ 40. Kf1 Nd2+ 41. Kf2 Nf3+ 0-1

[Event "Muensterland Verbandsliga 1718"]
[Site "Germany"]
[Date "2018.04.14"]
[Round "8.5"]
[White "Voss, Andreas"]
[Black "Kuhlenbaeumer, Alfred"]
[Result "1-0"]
[WhiteElo "1806"]
[BlackElo "1879"]
[PlyCount "79"]
[EventDate "2017.09.09"]
[EventType "team-tourn"]
[EventRounds "9"]
[EventCountry "GER"]
[SourceTitle "EXT 2019"]
[Source "ChessBase"]
[SourceDate "2018.10.10"]
[SourceVersion "1"]
[SourceVersionDate "2018.10.10"]
[SourceQuality "1"]
[WhiteTeam "Muenster SK IV"]
[BlackTeam "Telgte"]
[WhiteTeamCountry "GER"]
[BlackTeamCountry "GER"]

1. d4 f5 2. Bg5 g6 3. Nc3 Bg7 4. e4 fxe4 5. Nxe4 c6 6. Nd6+ Kf8 7. Qf3+ Nf6 8. Nxc8 Qxc8 9. h4 h6 10. Be3 Qc7 11. Bd3 Qa5+ 12. c3 Qh5 13. Qxh5 gxh5 14. f3 a5 15. 0-0-0 Na6 16. Ne2 Nd5 17. Bd2 b5 18. Nf4 Nxf4 19. Bxf4 Kf7 20. Rh3 Bf6 21. g4 hxg4 22. fxg4 Rhg8 23. Rg1 h5 24. g5 Bg7 25. Rf3 Ke8 26. Bg6+ Kd8 27. Bg3 b4 28. Bxh5 a4 29. Kc2 c5 30. Bf7 Rf8 31. Be5 Bxe5 32. dxe5 e6 33. g6 Ke7 34. h5 c4 35. Rgf1 b3+ 36. axb3 cxb3+ 37. Kc1 Nc5 38. g7 Nd3+ 39. Rxd3 Rxf7 40. Rxf7+ 1-0

[Event "Muensterland Verbandsliga 1718"]
[Site "Germany"]
[Date "2017.10.07"]
[Round "2.5"]
[White "Bueckers, Bernhard"]
[Black "Voss, Andreas"]
[Result "0-1"]
[WhiteElo "1648"]
[BlackElo "1806"]
[PlyCount "46"]
[EventDate "2017.09.09"]
[EventType "team-tourn"]
[EventRounds "9"]
[EventCountry "GER"]
[SourceTitle "EXT 2019"]
[Source "ChessBase"]
[SourceDate "2018.10.10"]
[SourceVersion "1"]
[SourceVersionDate "2018.10.10"]
[SourceQuality "1"]
[WhiteTeam "Metelen"]
[BlackTeam "Muenster SK IV"]
[WhiteTeamCountry "GER"]
[BlackTeamCountry "GER"]

1. c4 f5 2. g3 Nf6 3. Bg2 e6 4. d3 d5 5. b3 dxc4 6. bxc4 c6 7. Nf3 Bd6 8. Bb2 Nbd7 9. 0-0 0-0 10. Nc3 e5 11. e3 Qe7 12. d4 e4 13. Nd2 c5 14. Ne2 cxd4 15. Nxd4 Nc5 16. Ba3 Ng4 17. Bxc5 Bxc5 18. N2b3 Ne5 19. Qe2 Bd7 20. Rab1 b6 21. Rfd1 Rac8 22. Nb5 Be6 23. Nd2 Bb4 0-1

[Event "Muensterland Verbandsliga 1617"]
[Site "Germany"]
[Date "2017.01.28"]
[Round "6.5"]
[White "Voss, Andreas"]
[Black "Kuhlenbaeumer, Alfred"]
[Result "1/2-1/2"]
[WhiteElo "1799"]
[BlackElo "1885"]
[PlyCount "83"]
[EventDate "2016.09.10"]
[EventType "team"]
[EventRounds "9"]
[EventCountry "GER"]
[SourceTitle "EXT 2018"]
[Source "ChessBase"]
[SourceDate "2017.10.13"]
[SourceVersion "1"]
[SourceVersionDate "2017.10.13"]
[SourceQuality "1"]
[WhiteTeam "Muenster SK IV"]
[BlackTeam "Telgte"]
[WhiteTeamCountry "GER"]
[BlackTeamCountry "GER"]

1. d4 f5 2. Bg5 Nf6 3. Bxf6 exf6 4. e3 d5 5. h4 Nc6 6. a3 Be6 7. Qf3 Qd6 8. Nc3 a6 9. Nh3 0-0-0 10. Bd3 g6 11. Nf4 Bf7 12. 0-0-0 Bh6 13. g3 Kb8 14. Bf1 Na5 15. Bg2 c6 16. Na4 Nc4 17. Nc5 Ka7 18. Qe2 Rhe8 19. Qd3 Bf8 20. Qb3 Qc7 21. Qa4 Qb6 22. b4 Qb5 23. Qb3 a5 24. c3 Qb6 25. Kc2 Ra8 26. Ra1 Qc7 27. b5 Qb6 28. Nd7 Qxb5 29. Qxb5 cxb5 30. Nxf6 Rec8 31. N6xd5 Nxa3+ 32. Kd3 Nc4 33. Rhb1 Ka6 34. Nb4+ Bxb4 35. cxb4 a4 36. d5 Ne5+ 37. Kd4 Ng4 38. Rc1 Nxf2 39. Ke5 Ng4+ 40. Kd4 Kb6 41. Rc5 Re8 42. e4 1/2-1/2

[Event "Muensterland Verbandsliga 1617"]
[Site "Germany"]
[Date "2016.10.01"]
[Round "2.6"]
[White "Busswolder, Peter"]
[Black "Voss, Andreas"]
[Result "1/2-1/2"]
[WhiteElo "1734"]
[BlackElo "1799"]
[PlyCount "84"]
[EventDate "2016.09.10"]
[EventType "team"]
[EventRounds "9"]
[EventCountry "GER"]
[SourceTitle "EXT 2018"]
[Source "ChessBase"]
[SourceDate "2017.10.13"]
[SourceVersion "1"]
[SourceVersionDate "2017.10.13"]
[SourceQuality "1"]
[WhiteTeam "Stadtlohn"]
[BlackTeam "Muenster SK IV"]
[WhiteTeamCountry "GER"]
[BlackTeamCountry "GER"]

1. d4 f5 2. c4 Nf6 3. Nc3 e6 4. Nf3 d5 5. e3 c6 6. Be2 Nbd7 7. 0-0 Bd6 8. Ne1 0-0 9. f4 Ne4 10. Nf3 Ndf6 11. Bd2 a5 12. c5 Nxc3 13. Bxc3 Be7 14. Qc2 b6 15. b4 Ng4 16. Qd2 axb4 17. Bxb4 bxc5 18. dxc5 Nf6 19. Bd3 Ba6 20. Bxa6 Rxa6 21. Nd4 Qd7 22. Qd3 Rfa8 23. a3 Ne4 24. Rac1 Bf6 25. Rc2 g6 26. Nf3 Qc7 27. g3 Kf7 28. Kg2 Ra4 29. Nd2 Nxd2 30. Rxd2 Kg7 31. h3 e5 32. Re1 e4 33. Qb3 h5 34. h4 Qb7 35. Rb1 Qb5 36. Qc2 Qa6 37. Kf2 Kf7 38. Rb3 Rd8 39. Qd1 Qc4 40. Rb1 Qa6 41. Qe2 Qc8 42. Qd1 Qa6 1/2-1/2

[Event "Muensterland Verbandsliga 1516"]
[Site "Germany"]
[Date "2016.01.16"]
[Round "5.8"]
[White "Hanewinkel, Christian"]
[Black "Voss, Andreas"]
[Result "0-1"]
[WhiteElo "1694"]
[BlackElo "1712"]
[PlyCount "80"]
[EventDate "2015.09.12"]
[EventType "team"]
[EventRounds "9"]
[EventCountry "GER"]
[SourceTitle "EXT 2017"]
[Source "ChessBase"]
[SourceDate "2016.10.25"]
[SourceVersion "1"]
[SourceVersionDate "2016.10.25"]
[SourceQuality "1"]
[WhiteTeam "Beelen"]
[BlackTeam "Muenster SK IV"]
[WhiteTeamCountry "GER"]
[BlackTeamCountry "GER"]

1. e4 d5 2. exd5 Nf6 3. Bb5+ Bd7 4. Bxd7+ Qxd7 5. c4 c6 6. d4 cxd5 7. c5 Nc6 8. Nf3 g6 9. Nc3 Bg7 10. Ne5 Nxe5 11. dxe5 Qe6 12. f4 0-0-0 13. 0-0 Ne4 14. Nb5 Qa6 15. a4 f6 16. Qd4 Kb8 17. Be3 Qc6 18. b4 fxe5 19. fxe5 Rhf8 20. Nc3 Nxc3 21. Qxc3 Rxf1+ 22. Rxf1 Qe6 23. Bd4 Rf8 24. Re1 Rc8 25. b5 Ka8 26. a5 Bh6 27. c6 bxc6 28. Qc5 Rc7 29. b6 Rb7 30. Rf1 Bg7 31. Qc3 h5 32. a6 Rxb6 33. Bxb6 axb6 34. Qb4 c5 35. Qb5 Ka7 36. Rc1 Bxe5 37. Kh1 Bf6 38. Qd3 Qe4 39. Qg3 Be5 40. Qf2 Qf4 0-1

[Event "Muensterland Verbandsliga 1516"]
[Site "Germany"]
[Date "2015.09.12"]
[Round "1.8"]
[White "Voss, Andreas"]
[Black "Altgelt, Max"]
[Result "1-0"]
[WhiteElo "1712"]
[BlackElo "1694"]
[PlyCount "51"]
[EventDate "2015.09.12"]
[EventType "team"]
[EventRounds "9"]
[EventCountry "GER"]
[SourceTitle "EXT 2017"]
[Source "ChessBase"]
[SourceDate "2016.10.25"]
[SourceVersion "1"]
[SourceVersionDate "2016.10.25"]
[SourceQuality "1"]
[WhiteTeam "Muenster SK IV"]
[BlackTeam "Muenster SK V"]
[WhiteTeamCountry "GER"]
[BlackTeamCountry "GER"]

1. d4 Nf6 2. Bg5 g6 3. Bxf6 exf6 4. e3 Bg7 5. c4 d6 6. g3 0-0 7. Bg2 f5 8. Qc2 c5 9. Ne2 Qb6 10. Nbc3 cxd4 11. Nd5 Qd8 12. exd4 Nc6 13. Rd1 Re8 14. 0-0 Be6 15. Ndf4 Bd7 16. a3 Rc8 17. b4 b5 18. c5 a5 19. d5 Ne5 20. c6 axb4 21. axb4 Rc7 22. Qa2 Bc8 23. Nd4 f6 24. Nxb5 Rf7 25. Ne6 Qb6 26. Nxd6 1-0

[Event "Muensterland Verbandsliga 1415"]
[Site "Germany"]
[Date "2015.04.18"]
[Round "8.7"]
[White "Voss, Andreas"]
[Black "Rothkegel, Juergen"]
[Result "0-1"]
[WhiteElo "1632"]
[BlackElo "1881"]
[PlyCount "90"]
[EventDate "2014.09.06"]
[EventType "team-tourn"]
[EventRounds "9"]
[EventCountry "GER"]
[SourceTitle "EXT 2016"]
[Source "ChessBase"]
[SourceDate "2015.10.08"]
[SourceVersion "1"]
[SourceVersionDate "2015.10.08"]
[SourceQuality "1"]
[WhiteTeam "Muenster IV"]
[BlackTeam "Gronau"]
[WhiteTeamCountry "GER"]
[BlackTeamCountry "GER"]

1. d4 Nf6 2. Bg5 Ne4 3. Bf4 d5 4. e3 e6 5. Nf3 Bd6 6. Bxd6 Qxd6 7. Nbd2 Nxd2 8. Qxd2 0-0 9. c4 c6 10. c5 Qe7 11. Bd3 Nd7 12. Qc2 h6 13. Ne5 Nxe5 14. dxe5 f6 15. exf6 Qxf6 16. 0-0 e5 17. e4 Be6 18. b4 Rad8 19. Rae1 Kh8 20. Re3 d4 21. Rf3 Qe7 22. Rxf8+ Rxf8 23. Bc4 Bc8 24. Qd2 g5 25. h4 Kg7 26. hxg5 hxg5 27. Rb1 b5 28. cxb6 axb6 29. Rb3 Kg6 30. Rg3 Rf4 31. Bd3 Be6 32. a3 c5 33. bxc5 bxc5 34. Qa5 Kf6 35. Qa6 Kf7 36. a4 Rh4 37. a5 Rh8 38. Be2 Rb8 39. Rf3+ Kg7 40. Rd3 c4 41. Rg3 d3 42. Bxd3 cxd3 43. Qxd3 Rb3 44. Qd2 Rb1+ 45. Kh2 g4 0-1

[Event "Muensterland Verbandsliga 1415"]
[Site "Germany"]
[Date "2014.09.06"]
[Round "1.8"]
[White "Leeners, Stephan"]
[Black "Voss, Andreas"]
[Result "1/2-1/2"]
[WhiteElo "1552"]
[BlackElo "1632"]
[PlyCount "47"]
[EventDate "2014.09.06"]
[EventType "team-tourn"]
[EventRounds "9"]
[EventCountry "GER"]
[SourceTitle "EXT 2016"]
[Source "ChessBase"]
[SourceDate "2015.10.08"]
[SourceVersion "1"]
[SourceVersionDate "2015.10.08"]
[SourceQuality "1"]
[WhiteTeam "Muenster V"]
[BlackTeam "Muenster IV"]
[WhiteTeamCountry "GER"]
[BlackTeamCountry "GER"]

1. d4 f5 2. e4 fxe4 3. f3 Nf6 4. fxe4 Nxe4 5. Bd3 d5 6. Nf3 Bg4 7. 0-0 Nc6 8. c3 Qd7 9. Qe1 Bxf3 10. Rxf3 Nd6 11. Bg5 0-0-0 12. Nd2 Kb8 13. Nb3 b6 14. a4 Re8 15. Bf4 e5 16. dxe5 Nc4 17. e6 Rxe6 18. Qf2 g6 19. Bxc7+ Kxc7 20. Rxf8 Rxf8 21. Qxf8 Nxb2 22. Bb5 Qe7 23. Qf4+ Rd6 24. a5 1/2-1/2

[Event "Mittelrhein Regionalliga 1314"]
[Site "Mittelrhein"]
[Date "2013.11.24"]
[Round "4.7"]
[White "Voss, Andreas"]
[Black "Tochtenhagen, Wolfgang"]
[Result "1-0"]
[WhiteElo "2037"]
[BlackElo "2110"]
[PlyCount "79"]
[EventDate "2013.09.15"]
[EventType "team-tourn"]
[EventRounds "11"]
[EventCountry "GER"]
[SourceTitle "EXT 2023"]
[Source "ChessBase"]
[SourceDate "2022.10.05"]
[SourceVersion "1"]
[SourceVersionDate "2022.10.05"]
[SourceQuality "1"]
[WhiteTeam "Bruehl"]
[BlackTeam "Aachen DJK Aufwaerts II"]
[WhiteTeamCountry "GER"]
[BlackTeamCountry "GER"]

1. e4 c5 2. Nf3 g6 3. d4 Bg7 4. Nc3 cxd4 5. Nxd4 Nc6 6. Be3 Nf6 7. Bc4 0-0 8. Bb3 a5 9. f3 d5 10. Bxd5 Nxd5 11. Nxd5 e6 12. Nxc6 bxc6 13. Nc3 Rb8 14. Qxd8 Rxd8 15. Rd1 Rxd1+ 16. Nxd1 Bxb2 17. Nxb2 Rxb2 18. Kd2 Kf8 19. Kc3 Rb7 20. Rd1 Ke8 21. Bg5 Bd7 22. Bf6 Rb5 23. a3 Rc5+ 24. Kd3 Rb5 25. Kc4 a4 26. h3 e5 27. Rd2 Be6+ 28. Kc3 Bd7 29. Kc4 Be6+ 30. Kc3 Bd7 31. h4 h5 32. Kc4 Be6+ 33. Kc3 Bd7 34. g3 Rb1 35. Bxe5 Ke7 36. Bd6+ Ke6 37. Bc5 Rb5 38. Kc4 Be8 39. Rd6+ Ke5 40. Rd8 1-0

[Event "Mittelrhein Regionalliga 1314"]
[Site "Mittelrhein"]
[Date "2013.10.13"]
[Round "2.6"]
[White "Maric, Boris"]
[Black "Voss, Andreas"]
[Result "1/2-1/2"]
[WhiteElo "2024"]
[BlackElo "2037"]
[PlyCount "42"]
[EventDate "2013.09.15"]
[EventType "team-tourn"]
[EventRounds "11"]
[EventCountry "GER"]
[SourceTitle "EXT 2023"]
[Source "ChessBase"]
[SourceDate "2022.10.05"]
[SourceVersion "1"]
[SourceVersionDate "2022.10.05"]
[SourceQuality "1"]
[WhiteTeam "Gruenfeld"]
[BlackTeam "Bruehl"]
[WhiteTeamCountry "GER"]
[BlackTeamCountry "GER"]

1. Nf3 Nf6 2. d4 g6 3. c4 Bg7 4. Nc3 0-0 5. e4 d6 6. Be2 e5 7. d5 a5 8. Bg5 Na6 9. Nd2 Qe8 10. a3 Bd7 11. b3 h6 12. Bh4 Nh7 13. 0-0 f5 14. exf5 Bxf5 15. Nde4 Bxe4 16. Nxe4 Rf4 17. Bf3 Rxh4 18. g3 Rxe4 19. Bxe4 Nc5 20. f3 Ng5 21. Qc2 Ngxe4 1/2-1/2

[Event "GER-ch Net qual3 U25"]
[Site "Playchess.com INT"]
[Date "2009.05.17"]
[Round "6"]
[White "Voss, Andreas"]
[Black "Yankelevich, Lev"]
[Result "1/2-1/2"]
[WhiteElo "2007"]
[BlackElo "1898"]
[PlyCount "81"]
[EventDate "2009.05.17"]
[EventType "swiss (blitz)"]
[EventRounds "7"]
[EventCountry "GER"]
[SourceTitle "CBM 130 Extra"]
[Source "ChessBase"]
[SourceDate "2009.07.02"]
[SourceVersion "2"]
[SourceVersionDate "2009.07.15"]
[SourceQuality "1"]

1. e4 d5 2. exd5 Qxd5 3. Nc3 Qe5+ 4. Be2 c6 5. Nf3 Qc7 6. d3 Bf5 7. 0-0 e6 8. g3 Nf6 9. Bf4 Bd6 10. Bxd6 Qxd6 11. Re1 0-0 12. Bf1 Nbd7 13. Bg2 Nb6 14. Ne4 Bxe4 15. dxe4 Qxd1 16. Raxd1 Rad8 17. Ne5 Rfe8 18. b3 Kf8 19. Kf1 Ke7 20. Ke2 Nbd7 21. Nxd7 Rxd7 22. e5 Nd5 23. Bxd5 Rxd5 24. f4 Red8 25. c4 Rxd1 26. Rxd1 Rxd1 27. Kxd1 h5 28. Kd2 g6 29. Kd3 c5 30. a3 a5 31. Kc3 Kd7 32. b4 axb4+ 33. axb4 cxb4+ 34. Kxb4 Kc6 35. c5 b6 36. cxb6 Kxb6 37. h4 Kc6 38. Kc4 Kb6 39. Kb4 Kc6 40. Kc4 Kb6 41. Kb4 1/2-1/2

[Event "Recklinghausen op 16th"]
[Site "Recklinghausen"]
[Date "2006.10.11"]
[Round "3"]
[White "Voss, Andreas"]
[Black "Kasraei, Amir Reza"]
[Result "1-0"]
[WhiteElo "2032"]
[BlackElo "1454"]
[PlyCount "45"]
[EventDate "2006.10.07"]
[EventType "swiss"]
[EventRounds "7"]
[EventCountry "GER"]
[SourceTitle "CBM 114 Extra"]
[Source "ChessBase"]
[SourceDate "2006.11.03"]
[SourceVersion "1"]
[SourceVersionDate "2006.11.03"]
[SourceQuality "1"]

1. e4 c5 2. Nf3 d6 3. d4 cxd4 4. Nxd4 Nf6 5. Nc3 a6 6. f3 e5 7. Nb3 Be6 8. Be3 Nc6 9. Qd2 Be7 10. g4 Rc8 11. 0-0-0 0-0 12. Kb1 Na5 13. Nxa5 Qxa5 14. Nd5 Qd8 15. Nxe7+ Qxe7 16. Qxd6 Rcd8 17. Qxe7 Rxd1+ 18. Bc1 Bxa2+ 19. Kxa2 Rxc1 20. g5 Nh5 21. Qxe5 Rxc2 22. Bh3 f6 23. Qd6 1-0

[Event "Duisburg Grossenbaum op"]
[Site "Duisburg"]
[Date "2006.06.04"]
[Round "4"]
[White "Voss, Andreas"]
[Black "Kienitz, Andre"]
[Result "1/2-1/2"]
[WhiteElo "2007"]
[BlackElo "2176"]
[PlyCount "54"]
[EventDate "2006.06.02"]
[EventType "swiss"]
[EventRounds "7"]
[EventCountry "GER"]
[SourceTitle "EXT 2007"]
[Source "ChessBase"]
[SourceDate "2006.11.23"]
[SourceVersion "1"]
[SourceVersionDate "2006.11.23"]
[SourceQuality "1"]

1. e4 e5 2. Nf3 Nc6 3. Bc4 Nf6 4. d4 exd4 5. e5 d5 6. Bb5 Ne4 7. Nxd4 Bd7 8. Bxc6 bxc6 9. 0-0 Bc5 10. f3 Ng5 11. Be3 0-0 12. f4 Ne4 13. Nd2 Nxd2 14. Qxd2 Qe7 15. Rae1 Bb6 16. f5 Qxe5 17. Nxc6 Bxc6 18. Bxb6 Qd6 19. f6 Rfe8 20. Qg5 g6 21. Bxc7 Qc5+ 22. Kh1 Bb5 23. Re7 Bxf1 24. Qh6 Bxg2+ 25. Kxg2 Qxc2+ 26. Kg3 Qd3+ 27. Kg2 Qc2+ 1/2-1/2

[Event "Dortmund op-A"]
[Site "Dortmund"]
[Date "2005.07.17"]
[Round "9"]
[White "Voss, Andreas"]
[Black "Salamone, Giuseppe"]
[Result "0-1"]
[WhiteElo "1699"]
[BlackElo "2052"]
[PlyCount "46"]
[EventDate "2005.07.08"]
[EventType "swiss"]
[EventRounds "9"]
[EventCountry "GER"]
[SourceTitle "CBM 107 Extra"]
[Source "ChessBase"]
[SourceDate "2005.09.01"]
[SourceVersion "1"]
[SourceVersionDate "2005.09.01"]
[SourceQuality "1"]

1. e4 e6 2. d3 d5 3. Nd2 Nf6 4. Ngf3 Be7 5. g3 0-0 6. Bg2 c5 7. 0-0 Nc6 8. e5 Nd7 9. Re1 Qc7 10. Qe2 Nb4 11. Nf1 b5 12. Bf4 Bb7 13. h4 Rac8 14. N1h2 d4 15. Ng4 Nd5 16. Bg5 Bxg5 17. hxg5 Ne7 18. Nf6+ gxf6 19. gxf6 Bxf3 20. Bxf3 Ng6 21. Qd2 Ngxe5 22. Qg5+ Ng6 23. Kg2 Qd8 0-1

[Event "Dortmund op-A"]
[Site "Dortmund"]
[Date "2005.07.14"]
[Round "6"]
[White "Ebert, Manuel"]
[Black "Voss, Andreas"]
[Result "1-0"]
[WhiteElo "2064"]
[BlackElo "1699"]
[PlyCount "51"]
[EventDate "2005.07.08"]
[EventType "swiss"]
[EventRounds "9"]
[EventCountry "GER"]
[SourceTitle "CBM 107 Extra"]
[Source "ChessBase"]
[SourceDate "2005.09.01"]
[SourceVersion "1"]
[SourceVersionDate "2005.09.01"]
[SourceQuality "1"]

1. e4 c5 2. Nf3 d6 3. d4 cxd4 4. Nxd4 Nf6 5. Nc3 g6 6. Be3 Bg7 7. Bc4 0-0 8. f3 Nc6 9. Qd2 Bd7 10. 0-0-0 Qa5 11. Bb3 Rfc8 12. h4 Ne5 13. h5 Nxh5 14. g4 Nf6 15. Bh6 Nc4 16. Bxc4 Rxc4 17. Bxg7 Rxc3 18. Bxf6 Rac8 19. Bxe7 Qxa2 20. Qh6 Rxc2+ 21. Nxc2 Rxc2+ 22. Kxc2 Ba4+ 23. Kd2 Qxb2+ 24. Ke1 Qc3+ 25. Kf2 Qc5+ 26. Kg2 1-0

[Event "Dortmund op-A"]
[Site "Dortmund"]
[Date "2005.07.12"]
[Round "5"]
[White "Butschek, Tanja"]
[Black "Voss, Andreas"]
[Result "0-1"]
[WhiteElo "2025"]
[BlackElo "1699"]
[PlyCount "86"]
[EventDate "2005.07.08"]
[EventType "swiss"]
[EventRounds "9"]
[EventCountry "GER"]
[SourceTitle "CBM 107 Extra"]
[Source "ChessBase"]
[SourceDate "2005.09.01"]
[SourceVersion "1"]
[SourceVersionDate "2005.09.01"]
[SourceQuality "1"]

1. e4 d6 2. d4 g6 3. Nc3 Bg7 4. f4 Nf6 5. Nf3 0-0 6. Be3 c6 7. h3 b5 8. Qd2 b4 9. Nd1 Nxe4 10. Qxb4 Nd7 11. Bd3 Ndf6 12. g4 Qc7 13. 0-0 Nd5 14. Qe1 Nxe3 15. Qxe3 Nf6 16. c3 Rb8 17. Qd2 c5 18. dxc5 Qxc5+ 19. Qf2 Qd5 20. Bc2 a5 21. Ne3 Qc5 22. Rab1 Be6 23. Nd1 Qc7 24. a3 Bb3 25. f5 Bxc2 26. Qxc2 Nd5 27. Qe4 Qc5+ 28. Kh1 Rfe8 29. fxg6 hxg6 30. g5 e5 31. c4 Nf4 32. h4 Rec8 33. Ne3 Rb3 34. Rfe1 Rcb8 35. Ng4 Nh5 36. Qc2 Rxf3 37. Qg2 Rbb3 38. Rbd1 Rh3+ 39. Nh2 Ng3+ 40. Qxg3 Rhxg3 41. Rd2 Rbd3 42. Rde2 Qc6+ 43. Re4 Rd4 0-1

[Event "Dortmund op-A"]
[Site "Dortmund"]
[Date "2005.07.10"]
[Round "3"]
[White "Weimann, Maximilian"]
[Black "Voss, Andreas"]
[Result "1-0"]
[WhiteElo "2182"]
[BlackElo "1699"]
[PlyCount "61"]
[EventDate "2005.07.08"]
[EventType "swiss"]
[EventRounds "9"]
[EventCountry "GER"]
[SourceTitle "CBM 107 Extra"]
[Source "ChessBase"]
[SourceDate "2005.09.01"]
[SourceVersion "1"]
[SourceVersionDate "2005.09.01"]
[SourceQuality "1"]

1. e4 c5 2. Nf3 d6 3. d4 cxd4 4. Qxd4 Nc6 5. Bb5 Bd7 6. Bxc6 Bxc6 7. Nc3 Nf6 8. Bg5 e5 9. Qd3 Be7 10. 0-0-0 Qc7 11. Bxf6 gxf6 12. Nd5 Bxd5 13. Qxd5 Rc8 14. Rd2 Rg8 15. g3 f5 16. exf5 Rg4 17. Kb1 Rb4 18. b3 Rb6 19. Re1 Rc6 20. Qe4 a5 21. a4 b5 22. axb5 Rc5 23. f6 Bxf6 24. Qxh7 Rxb5 25. Nd4 Rb6 26. Nf5 Rd8 27. Qg8+ Kd7 28. Qxf7+ Kc8 29. Qxf6 a4 30. Ne7+ Kb7 31. Nd5 1-0

[Event "IECC KO email"]
[Site "IECC email"]
[Date "2000.02.21"]
[Round "?"]
[White "Voss, Andreas"]
[Black "Galvin, John H"]
[Result "1-0"]
[WhiteElo "1987"]
[BlackElo "1938"]
[PlyCount "49"]
[EventDate "2000.??.??"]
[EventType "tourn (corr)"]
[EventRounds "6"]
[SourceTitle "Corr 2008"]
[Source "ChessBase"]
[SourceDate "2008.06.24"]
[SourceVersion "1"]
[SourceVersionDate "2008.06.24"]
[SourceQuality "1"]

1. e4 e5 2. Nf3 Nf6 3. Nxe5 d6 4. Nf3 Nxe4 5. d4 d5 6. Bd3 Nc6 7. 0-0 Bg4 8. c4 Be7 9. Re1 f5 10. cxd5 Qxd5 11. Nc3 Nxc3 12. bxc3 0-0-0 13. Rb1 Bxf3 14. gxf3 Rhf8 15. Rb5 Qxa2 16. Bxf5+ Kb8 17. Be4 Qc4 18. Rb1 Rd7 19. Be3 Nd8 20. Qc2 g5 21. Ra1 a6 22. Reb1 Bd6 23. Kh1 Qe6 24. Rxa6 Qh6 25. f4 1-0